000 002300000a22000970004500
100 1 _aBray, Gerald
245 1 0 _aThe love of God (Romans 8:18-39)
300 _aVol. 20, Núm 3 (2002), Páginas 5-8
773 0 _tEvangel
942 _cANA
999 _c54399
_d54399